000 00506nam a22001577a 4500
003 NUST
038 _aNusrat Nadeem
082 _a200
100 _aShakeel, Kiran
_9130695
245 _aEnhanced Deep Learning Techniques for Crack Detection and Segmentation/
_cKiran Shakeel,
264 _aIslamabad:
_bSEECS NUST.
_c2025.
650 _aMS-Computer Science
_926780
700 _aSupervisor: Dr. Mohsin Kamal
_9125092
856 _u http://10.250.8.41:8080/xmlui/handle/123456789/55065
942 _2ddc
_cSC
999 _c614863
_d614863